000 00759nam a22002297a 4500
003 OSt
005 20251001024933.0
008 251001b |||||||| |||| 00| 0 eng d
020 _a13 : 978-1-59147-426-5.
040 _aDWC-Main lib.
_cOC
082 _aCirc. 302.24 D569r 2007
100 _aNicholas Difonzo
245 _aRumor psychology ;
_bsocial and organizational approaches/
_cNicholas Difonzo
260 _aWashington DC. :
_b American Psychological Association,
_cc 2007
300 _ax, 292 p.
_b : ill.
_c 26 cm.
504 _aIncludes bibliographical references & index.
650 _a1. Organizational behavior
650 _a2. Rumor.
650 _a3. Social psychology.
700 _aBordia Prashant
942 _2ddc
_cBK-CIRC
_kCirc.
_n0
999 _c4587
_d4587